Les pays ayant accueilli le Grand Départ du Tour de France - Statistiques

Statistiques générales
  • Ce quiz a été pris 235 fois
    73 depuis la dernière actualisation
  • Le résultat moyen est 11 sur 12
Statistiques - réponses
Nombre d'édition Années Pays % Correct
2 1992, 2023 Espagne
100%
85 1903-1914, 1919-1939, 1947-1953, 1955-1957, 1959-1964, 1966-1972, 1974, 1976, 1977, 1979, 1981, 1983-1986, 1988, 1990, 1991, 1993-1995, 1997, 1999-2001, 2003, 2005, 2006, 2008, 2011, 2013, 2016, 2018, 2020, 2021 France
100%
4 1965, 1980, 1987, 2017 Allemagne
99%
1 2024 Italie
99%
2 2007, 2014 Royaume-Uni
99%
2 1989, 2002 Luxembourg
97%
6 1954, 1973, 1978, 1996, 2010, 2015 Pays-Bas
97%
1 1982 Suisse
97%
5 1958, 1975, 2004, 2012, 2019 Belgique
96%
1 2009 Monaco
87%
1 2022 Danemark
83%
1 1998 Irlande
78%
Aucun quiz correspondant
Distribution des résultats
% des personnes avec chaque résultat
Percentile par nombre de réponses
Votre historique - résultats
Vous n’avez pas pris ce quiz depuis la dernière actualisation